000 00621nam a2200205Ia 4500
999 _c55397
_d55397
003 GCL
005 20240530105354.0
008 140319s9999 xx 000 0 ara d
040 _aGCL /
_cGCL
082 0 4 _a230.92
_bع ا
100 1 _aعبدالهدى الفضلى
245 1 0 _aاصول علم الرجال /
_cعبدالهدى النضلى
260 _a[S.N] :
_bالجامعة العالمية للعلوم الاسلامية ،
_c1994
300 _a243 ص
650 0 4 _aالاسلام
650 0 4 _aالحديث
650 0 4 _aجمع وتدوين
650 0 4 _aالرواه - تراجم
942 _2ddc
_cBK